书目信息 |
| 题名: |
电子技术
|
|
| 作者: | 席志红 主编 | |
| 分册: | ||
| 出版信息: | 哈尔滨 哈尔滨工程大学出版社 2004 |
|
| 页数: | 250页 | |
| 开本: | 26cm | |
| 丛书名: | ||
| 单 册: | ||
| 中图分类: | TN01 , TN701 | |
| 科图分类: | ||
| 主题词: | 电子技术--高等学校--教材 , 电子技术 , 电子电路 | |
| 电子资源: | ||
| ISBN: | 7-81073-562-4 | |
| 000 | 00868nam0 2200265 450 | |
| 001 | 07079000406 | |
| 005 | 20070721135808.17 | |
| 010 | @a7-81073-562-4@dCNY18.00 | |
| 100 | @a20040629e20062004em y0chiy0110 ea | |
| 101 | 0 | @achi |
| 102 | @aCN@b230000 | |
| 105 | @aa z 000yy | |
| 200 | 1 | @a电子技术@Adian zi ji shu@f席志红主编 |
| 210 | @a哈尔滨@c哈尔滨工程大学出版社@d2004@h2006 | |
| 215 | @a250页@c图@d26cm | |
| 300 | @a哈尔滨工程大学国家工科基础课程教学基地 电工电子类系列教材 | |
| 330 | @a本书以模拟电子技术为基础知识,系统地讲述了数字电路的基本组成、典型组合逻辑电路、脉冲波形的产生与整形电路等技术基础知识。 | |
| 606 | 0 | @a电子技术@x高等学校@j教材 |
| 606 | 0 | @a电子技术 |
| 606 | 0 | @a电子电路 |
| 690 | @aTN01@v4 | |
| 690 | @aTN701@v3 | |
| 701 | 0 | @a席志红@Axi zhi hong@c(电子技术)@4主编 |
| 801 | 0 | @aCN@bTAOJIN@c20070721 |
| 905 | @a10447@dTN701@e234 | |
| 电子技术/席志红主编.-哈尔滨:哈尔滨工程大学出版社,2004(2006) |
| 250页:图;26cm |
| 哈尔滨工程大学国家工科基础课程教学基地 电工电子类系列教材 |
| ISBN 7-81073-562-4:CNY18.00 |
| 本书以模拟电子技术为基础知识,系统地讲述了数字电路的基本组成、典型组合逻辑电路、脉冲波形的产生与整形电路等技术基础知识。 |
| ● |
| 相关链接 |
|
|
|
|
正题名:电子技术
索取号:TN701/234
 
预约/预借
| 序号 | 登录号 | 条形码 | 馆藏地/架位号 | 状态 | 备注 |
| 1 | 0822387 | 208223876 | 第二样本阅览室/ [索取号:TN701/234] | 在馆 | |
| 2 | 0822388 | 208223885 | 第三借阅区/ [索取号:TN701/234] | 在馆 | |
| 3 | 0822389 | 208223894 | 第三借阅区/ [索取号:TN701/234] | 在馆 | |
| 4 | 0822390 | 208223901 | 第三借阅区/ [索取号:TN701/234] | 在馆 | |
| 5 | 0822391 | 208223910 | 第三借阅区/ [索取号:TN701/234] | 在馆 |